Magyarok és románok - újból

Elmentve itt :
Bibliográfiai részletek
Szerző: CSORTÁN Márton
Adatforrás:Meister
Forrásdokumentuma:A Hét. -
18 sz., 1999, 11 p.
Nyelv:magyar
Kulcsszavak:művelődéstörténet
magyar-román kapcsolatok
LEADER 00373nab a2200133 i 4500
001 bibPRO00007879
008 060524s1999 xx hun
040 |a Sz1 
041 |a hun 
100 1 |a CSORTÁN Márton 
245 1 0 |a Magyarok és románok - újból  |c CSORTÁN Márton 
695 |a művelődéstörténet 
695 |a magyar-román kapcsolatok 
773 0 |t A Hét. -  |g 18 sz., 1999, 11 p.